Внедрение метода экспертных оценок в систему анализа экономических рисков разработки месторождений нефти и газа; Современные техника и технологии; Т. 2
| Parent link: | Современные техника и технологии: сборник трудов XV Международной научно-практической конференции студентов, аспирантов и молодых ученых, Томск, 4-8 мая 2009 г/ Национальный исследовательский Томский политехнический университет (ТПУ).— , 2009 Т. 2.— 2009.— [С. 319-320] |
|---|---|
| Autor Principal: | |
| Outros autores: | , |
| Summary: | Заглавие с титульного листа Электронная версия печатной публикации |
| Idioma: | ruso |
| Publicado: |
2009
|
| Subjects: | |
| Acceso en liña: | http://www.lib.tpu.ru/fulltext/c/2009/C01/V2/162.pdf |
| Formato: | Electrónico Capítulo de libro |
| KOHA link: | https://koha.lib.tpu.ru/cgi-bin/koha/opac-detail.pl?biblionumber=247185 |
MARC
| LEADER | 00000naa2a2200000 4500 | ||
|---|---|---|---|
| 001 | 247185 | ||
| 005 | 20260116114431.0 | ||
| 035 | |a (RuTPU)RU\TPU\book\268662 | ||
| 035 | |a RU\TPU\book\268661 | ||
| 090 | |a 247185 | ||
| 100 | |a 20131218d2009 k y0rusy50 ca | ||
| 101 | 0 | |a rus | |
| 102 | |a RU | ||
| 135 | |a drnn ---uucaa | ||
| 181 | 0 | |a i | |
| 182 | 0 | |a b | |
| 200 | 1 | |a Внедрение метода экспертных оценок в систему анализа экономических рисков разработки месторождений нефти и газа |f П. В. Хитров, Д. А. Чарушин |g науч. рук. А. А. Захарова | |
| 203 | |a Текст |c электронный | ||
| 215 | |a 1 файл (731 Кб) | ||
| 300 | |a Заглавие с титульного листа | ||
| 300 | |a Электронная версия печатной публикации | ||
| 337 | |a Adobe Reader | ||
| 461 | 0 | |0 (RuTPU)RU\TPU\book\261117 |t Современные техника и технологии |o сборник трудов XV Международной научно-практической конференции студентов, аспирантов и молодых ученых, Томск, 4-8 мая 2009 г |o в 3 т. |f Национальный исследовательский Томский политехнический университет (ТПУ) |d 2009 | |
| 463 | 0 | |0 (RuTPU)RU\TPU\book\266450 |t Т. 2 |v [С. 319-320] |d 2009 | |
| 610 | 1 | |a электронный ресурс | |
| 610 | 1 | |a труды учёных ТПУ | |
| 610 | 1 | |a экспертные оценки | |
| 610 | 1 | |a методы | |
| 610 | 1 | |a экономические риски | |
| 610 | 1 | |a анализ | |
| 610 | 1 | |a нефтяные месторождения | |
| 610 | 1 | |a разработка | |
| 610 | 1 | |a системы аналитического обеспечения | |
| 610 | 1 | |a модули | |
| 700 | 1 | |a Хитров |b П. В. |c специалист в области компьютерного моделирования |c лаборант Томского политехнического университета |f 1988- |g Павел Владимирович |3 (RuTPU)RU\TPU\pers\31648 | |
| 701 | 1 | |a Чарушин |b Д. А. | |
| 702 | 1 | |a Захарова |b А. А. |4 727 | |
| 801 | 1 | |a RU |b 63413507 |c 20130617 | |
| 801 | 2 | |a RU |b 63413507 |c 20131219 |g RCR | |
| 856 | 4 | |u http://www.lib.tpu.ru/fulltext/c/2009/C01/V2/162.pdf | |
| 942 | |c CF | ||